La agravación del riesgo en el derecho de seguros
Saved in:
| Hovedforfatter: | |
|---|---|
| Format: | Bog |
| Sprog: | spansk |
| Udgivet: |
Granada
Comares
2000
|
| Serier: | Biblioteca Comares de Ciencia Jurídica
|
| Fag: | |
| Tags: |
Tilføj Tag
Ingen Tags, Vær først til at tagge denne postø!
|
MARC
| LEADER | 00000nam a2200000 a 4500 | ||
|---|---|---|---|
| 001 | UCN7615 | ||
| 003 | CL-VaPUC | ||
| 008 | 011018e20000000SP |||||||||||||||||spa|d | ||
| 082 | 0 | 4 | |a 346.086 |b LAT |2 21 |
| 100 | 0 | |a Latorre Chiner, Nuria |e author |9 463595 | |
| 245 | 1 | 3 | |a La agravación del riesgo en el derecho de seguros |
| 300 | |a 310 p | ||
| 942 | |c BK | ||
| 945 | |d 20011018 00:00:00 |a vberengu | ||
| 260 | |a Granada |b Comares |c 2000 | ||
| 650 | 7 | |a SEGUROS |2 CL-VaPUC |9 463596 | |
| 650 | 0 | |a Riesgo |9 256420 | |
| 650 | 7 | |a CONTRATO DE SEGUROS |2 CL-VaPUC |9 399481 | |
| 650 | 7 | |a SEGURO DE PERSONAS |2 CL-VaPUC |9 386659 | |
| 583 | |a last modification |c 20011018 00:00:00 |k Rodrigo Vera | ||
| 490 | 0 | |a Biblioteca Comares de Ciencia Jurídica | |
| 999 | |c 297856 |d 297854 | ||
| 952 | |0 0 |1 0 |4 0 |6 346_086000000000000_LAT_2000 |7 0 |8 A |9 352886 |a BIBDER |b BIBDER |d 2019-11-21 |i 3760405 |l 6 |o 346.086 LAT 2000 |p 3760405 |r 2024-06-26 |s 2024-06-19 |w 2019-11-21 |y BK |k DER | ||